MARC details
| 000 -CABECERA |
| campo de control de longitud fija |
01887nam a2200373 a 4500 |
| 003 - IDENTIFICADOR DEL NÚMERO DE CONTROL |
| campo de control |
Mxchpua |
| 005 - FECHA Y HORA DE LA ÚLTIMA TRANSACCIÓN |
| campo de control |
20240524182150.0 |
| 007 - CAMPO FIJO DE DESCRIPCIÓN FÍSICA--INFORMACIÓN GENERAL |
| campo de control de longitud fija |
ta |
| 008 - DATOS DE LONGITUD FIJA--INFORMACIÓN GENERAL |
| campo de control de longitud fija |
240524s2022 mx abdefs|||| 001 0 spa d |
| 040 ## - FUENTE DE LA CATALOGACIÓN |
| Centro catalogador/agencia de origen |
mxchpua |
| 090 ## - LOCALMENTE ASIGNADO TIPO-LC NÚMERO DE CLASIFICACIÓN (OCLC); NÚMERO DE CLASIFICACIÓN LOCAL (RLIN) |
| Número de clasificación (OCLC) (R) ; Numero de clasificación, CALL (RLIN) (NR) |
T.C,900 |
| Número cutter local (OCLC) ; Número de libro/Signatura topográfica íntegra, CALL (RLIN) |
S26 EIUPA |
| Año |
2022 |
| 245 10 - MENCIÓN DE TÍTULO |
| Título |
Empacadora de Cítricos de los Altos, S. de R.L. de C.V. / |
| Mención de responsabilidad, etc. |
coordinadores Ofelia Sandoval Castilla y José Orlando Ramayo Ramírez ; colaboradores Samuel Alejandro Piña Milán...[y otros] |
| 260 ## - PUBLICACIÓN, DISTRIBUCIÓN, ETC. |
| Lugar de publicación, distribución, etc. |
México : |
| Nombre del editor, distribuidor, etc. |
El autor, |
| Fecha de publicación, distribución, etc. |
2022 |
| 300 ## - DESCRIPCIÓN FÍSICA |
| Extensión |
1 recurso en línea (vi, 102 páginas) : |
| Otras características físicas |
ilustraciones, mapas, gráficas, diagramas, tablas, fotos, planos |
| 336 ## - TIPO DE CONTENIDO |
| Fuente |
rdacontent |
| Término de tipo de contenido |
texto |
| Código de tipo de contenido |
txt |
| 337 ## - TIPO DE MEDIO |
| Fuente |
rdamedia |
| Nombre/término del tipo de medio |
computadora |
| Código del tipo de medio |
c |
| 338 ## - TIPO DE SOPORTE |
| Fuente |
rdacarrier |
| Nombre/término del tipo de soporte |
recurso en línea |
| Código del tipo de soporte |
cr |
| 500 ## - NOTA GENERAL |
| Nota general |
Grado 7° Grupo 3 --<br/>Los planos están incluidos en el reporte |
| 502 ## - NOTA DE TESIS |
| Nota de tesis |
Viaje de Estudios |
| Tipo de título |
(EIUPA) -- |
| Nombre de la institución que otorga el título |
UACh. Departamento de Ingeniería Agroindustrial, |
| Año de obtención del título |
2022 |
| 504 ## - NOTA DE BIBLIOGRAFÍA, ETC. |
| Nota de bibliografía, etc. |
Bibliografía: páginas 70-72 |
| 505 0# - NOTA DE CONTENIDO CON FORMATO |
| Nota de contenido con formato |
4 planos: --<br/>1. Plano de áreas --<br/>2. Plano de distribución de equipo --<br/>3. Diagrama de flujo de empacado --<br/>4. Diagrama de recorrido |
| 650 13 - PUNTO DE ACCESO ADICIONAL DE MATERIA--TÉRMINO DE MATERIA |
| 9 (RLIN) |
148302 |
| Término de materia o nombre geográfico como elemento de entrada |
Limones |
| Subdivisión general |
Industria y comercio |
| Subdivisión geográfica |
México |
| -- |
Jalisco |
| -- |
Atotonilco El Alto |
| 650 13 - PUNTO DE ACCESO ADICIONAL DE MATERIA--TÉRMINO DE MATERIA |
| 9 (RLIN) |
160870 |
| Término de materia o nombre geográfico como elemento de entrada |
Limones |
| Subdivisión general |
Envasado |
| 650 13 - PUNTO DE ACCESO ADICIONAL DE MATERIA--TÉRMINO DE MATERIA |
| 9 (RLIN) |
161054 |
| Término de materia o nombre geográfico como elemento de entrada |
Limones |
| Subdivisión general |
Enfermedades postcosecha |
| 650 13 - PUNTO DE ACCESO ADICIONAL DE MATERIA--TÉRMINO DE MATERIA |
| 9 (RLIN) |
187577 |
| Término de materia o nombre geográfico como elemento de entrada |
Valor de mercado |
| 650 13 - PUNTO DE ACCESO ADICIONAL DE MATERIA--TÉRMINO DE MATERIA |
| 9 (RLIN) |
148301 |
| Término de materia o nombre geográfico como elemento de entrada |
Lemons |
| Subdivisión general |
Industry and trade |
| Subdivisión geográfica |
Mexico |
| -- |
Jalisco |
| -- |
Atotonilco El Alto |
| 650 13 - PUNTO DE ACCESO ADICIONAL DE MATERIA--TÉRMINO DE MATERIA |
| 9 (RLIN) |
160869 |
| Término de materia o nombre geográfico como elemento de entrada |
Lemons |
| Subdivisión general |
Packaging |
| 650 13 - PUNTO DE ACCESO ADICIONAL DE MATERIA--TÉRMINO DE MATERIA |
| 9 (RLIN) |
161053 |
| Término de materia o nombre geográfico como elemento de entrada |
Lemons |
| Subdivisión general |
Postharvest diseases |
| 650 13 - PUNTO DE ACCESO ADICIONAL DE MATERIA--TÉRMINO DE MATERIA |
| 9 (RLIN) |
187578 |
| Término de materia o nombre geográfico como elemento de entrada |
Market value |
| 700 1# - PUNTO DE ACCESO ADICIONAL--NOMBRE DE PERSONA |
| 9 (RLIN) |
151810 |
| Nombre de persona |
Sandoval Castilla, Ofelia |
| Término indicativo de función/relación |
coordinadora |
| 700 1# - PUNTO DE ACCESO ADICIONAL--NOMBRE DE PERSONA |
| 9 (RLIN) |
161734 |
| Nombre de persona |
Ramayo Ramírez, José Orlando |
| Término indicativo de función/relación |
coordinador |
| 700 1# - PUNTO DE ACCESO ADICIONAL--NOMBRE DE PERSONA |
| 9 (RLIN) |
189123 |
| Nombre de persona |
Piña Milán, Samuel Alejandro |
| Término indicativo de función/relación |
colaborador |
| 856 40 - LOCALIZACIÓN Y ACCESO ELECTRÓNICOS |
| Identificador Uniforme del Recurso |
<a href="http://10.13.5.2/ve/TC900_EIUPA/TC900_EIUPA_2022-REPORTE.pdf">http://10.13.5.2/ve/TC900_EIUPA/TC900_EIUPA_2022-REPORTE.pdf</a> |
| Texto de enlace |
DESCARGAR REPORTE |